Nouvelle Relation Contenant les Voyages de Thomas Gage dans la Nouvelle Espagne, ses diverses Avantures & son Retour dans la Province de Nicaragua jusqu´a La Havane. Avec la Description de la Ville de Mexique telle qu´elle étoit Autrefois & Comme elle est á Present. (Record no. 4094)

MARC details
000 -CABECERA
campo de control de longitud fija 00979nam a2200265 a 4500
001 - NÚMERO DE CONTROL
campo de control BRCA_4383
005 - FECHA Y HORA DE LA ÚLTIMA TRANSACCIÓN
campo de control 20190320204642.0
008 - DATOS DE LONGITUD FIJA--INFORMACIÓN GENERAL
campo de control de longitud fija 140909s1721----ne-a######---#000-0#fre-#
041 ## - CÓDIGO DE LENGUA
Código de lengua del texto/banda sonora o título independiente fre
044 ## - CÓDIGO DEL PAÍS DE LA ENTIDAD EDITORA/PRODUCTORA
Código MARC del país ne
050 #4 - SIGNATURA TOPOGRÁFICA DE LA BIBLIOTECA DEL CONGRESO
Número de clasificación F1211.G3
Número de documento/Ítem .N68 2
-- 1721
245 10 - MENCIÓN DE TÍTULO
Título Nouvelle Relation Contenant les Voyages de Thomas Gage dans la Nouvelle Espagne, ses diverses Avantures & son Retour dans la Province de Nicaragua jusqu´a La Havane. Avec la Description de la Ville de Mexique telle qu´elle étoit Autrefois & Comme elle est á Present.
260 ## - PUBLICACIÓN, DISTRIBUCIÓN, ETC.
Lugar de publicación, distribución, etc. Ámsterdam
Nombre del editor, distribuidor, etc. Paul Marret
Fecha de publicación, distribución, etc. 1721
300 ## - DESCRIPCIÓN FÍSICA
Extensión 4 t. en 2 v.
Otras características físicas il., mapas
Dimensiones 17 cm.
500 ## - NOTA GENERAL
Nota general Ejemplar igual a B351
500 ## - NOTA GENERAL
Nota general B355
600 14 - PUNTO DE ACCESO ADICIONAL DE MATERIA--NOMBRE DE PERSONA
Nombre de persona Gage, Thomas
Fechas asociadas al nombre m. 1656
9 (RLIN) 9698
650 14 - PUNTO DE ACCESO ADICIONAL DE MATERIA--TÉRMINO DE MATERIA
Término de materia o nombre geográfico como elemento de entrada Viajeros ingleses
9 (RLIN) 7018
650 14 - PUNTO DE ACCESO ADICIONAL DE MATERIA--TÉRMINO DE MATERIA
Término de materia o nombre geográfico como elemento de entrada Misiones
9 (RLIN) 9699
650 14 - PUNTO DE ACCESO ADICIONAL DE MATERIA--TÉRMINO DE MATERIA
Término de materia o nombre geográfico como elemento de entrada Poconchi
9 (RLIN) 9700
651 #4 - PUNTO DE ACCESO ADICIONAL DE MATERIA--NOMBRE GEOGRÁFICO
Nombre geográfico México
Subdivisión general Descripción y viajes
9 (RLIN) 103
651 #4 - PUNTO DE ACCESO ADICIONAL DE MATERIA--NOMBRE GEOGRÁFICO
Nombre geográfico América Central
Subdivisión general Descripción y viajes
9 (RLIN) 9701
902 ## - CATALOGADOR
Iniciales GFM
942 ## - ELEMENTOS DE PUNTO DE ACCESO ADICIONAL (KOHA)
Fuente del sistema de clasificación o colocación Library of Congress Classification
Tipo de ítem Koha Libros
Holdings
Estado de retiro Estado de pérdida Estado dañado No para préstamo Localización permanente Ubicación/localización actual Fecha de adquisición Número de inventario Total de préstamos Signatura topográfica completa Código de barras Fecha visto por última vez Precio válido a partir de Tipo de ítem Koha
El ejemplar forma parte de la colección y puede ser consultado según las políticas vigentes.       Biblioteca del Museo Franz Mayer (Rogerio Casas-Alatriste) Biblioteca del Museo Franz Mayer (Rogerio Casas-Alatriste) 21/07/2010 B355   F1211.G3 .N68 2 1721 (B355) 4380 22/03/2019 22/03/2019 Libros